| 000 | 00889nam a2200241Ia 4500 | ||
|---|---|---|---|
| 005 | 20230224104649.0 | ||
| 008 | 210716s2008 xx 000 0 und d | ||
| 020 | _a9788126518326 | ||
| 040 | _cAIMIT LIBRARY | ||
| 041 | _aeng | ||
| 082 |
_a004.65 _21 _bTROU |
||
| 100 |
_aTroppens, Ulf. _973187 |
||
| 245 |
_aStorage networks explained: _bbasics and applications of fibre channel san, nas, iscsi and infiniband / _cBy Uif Troppens; Rainer Erkens and Wolfgang Miiller. |
||
| 250 | _a1st ed. | ||
| 260 |
_aNew Delhi : _bWiley India , _c2008. |
||
| 300 |
_axxxi,400p. ; _c23 cm. |
||
| 650 |
_aTechnologies for storage networks _973188 |
||
| 650 |
_aFile systems and network attached storage _973189 |
||
| 650 |
_aApplication and management of storage networks _973190 |
||
| 700 |
_aErkens, Rainer. _973191 |
||
| 700 |
_aMiiler, Wolfgang _973192 |
||
| 942 |
_2ddc _cBK _e1st _k004.65 TROU |
||
| 999 |
_c189306 _d189306 |
||